La dislexia y su hijo
Gespeichert in:
| 1. Verfasser: | |
|---|---|
| Format: | Buch |
| Sprache: | Spanisch |
| Veröffentlicht: |
Ciudad de México
Diana
1991
|
| Schlagworte: | |
| Tags: |
Tag hinzufügen
Keine Tags, Fügen Sie den ersten Tag hinzu!
|
MARC
| LEADER | 00000nam a2200000 a 4500 | ||
|---|---|---|---|
| 001 | UCW7353 | ||
| 003 | CL-VaPUC | ||
| 008 | 921111e19910000MX |||||||||||||||||spa|d | ||
| 082 | 0 | 4 | |a 371.914 |b WAG |2 21 |
| 100 | 0 | |a Wagner, Rudolph F |e author |9 312500 | |
| 245 | 1 | 3 | |a La dislexia y su hijo |
| 300 | |a 152 p | ||
| 942 | |c BK | ||
| 945 | |d 19921111 00:00:00 | ||
| 260 | |a Ciudad de México |b Diana |c 1991 | ||
| 650 | 0 | |a Dislexia |9 307487 | |
| 650 | 7 | |a TRASTORNOS DEL HABLA EN NIÑOS |2 CL-VaPUC |9 308809 | |
| 583 | |a last modification |c 19921111 00:00:00 |k Rodrigo Vera | ||
| 999 | |c 220140 |d 220138 | ||
| 952 | |0 0 |1 0 |4 0 |6 371_914000000000000_WAG_1991 |7 0 |8 A |9 211986 |a BIBEDU |b BIBEDU |d 2019-11-15 |i 2802074 |l 1 |m 1 |o 371.914 WAG 1991 |p 2802074 |r 2022-07-06 |s 2022-06-22 |w 2019-11-15 |y BK |k EDU | ||
| 952 | |0 0 |1 0 |4 0 |6 371_914000000000000_WAG_1991 |7 0 |8 A |9 211987 |a BIBEDU |b BIBEDU |c ES_NOD |d 2019-11-15 |i 2802082 |o 371.914 WAG 1991 |p 2802082 |r 2023-08-09 |w 2019-11-15 |y BK |k EDU | ||